000 00581nam a22002177a 4500
003 UA-OsUOA
001 69082
007 ta
008 20100607b un ||||| |||| 00| 0 ukr d
100 _aСтемпєнь С.
090 _a94(477)
_bА72
942 _cSA
040 _aUA-OsUOA
_bukr
_cUA-OsUOA
_dUA-OsUOA
245 _aОлександр Петлюра, брат головного отамана УНР
300 _aС.5
955 _a0
041 _aukr
080 _a94(477)
773 0 _w69081
650 7 _a9 Географія. Біографії. Історія
_2UDC
999 _c355336
_d355336